[Event "MCR senioru 2013 - 70"]
[Site "?"]
[Date "2013.08.23"]
[Round "7.9"]
[White "Tobiska, Jaroslav"]
[Black "Zikmund, Jaroslav"]
[Result "1/2-1/2"]
[WhiteElo "1732"]
[BlackElo "1892"]
[PlyCount "33"]
[EventDate "2013.??.??"]
[SourceDate "2013.08.23"]

1. e4 c5 2. d4 cxd4 3. Qxd4 Nc6 4. Qd1 d6 5. Nf3 g6 6. Bb5 Bg7 7. O-O Bd7 8.
Re1 a6 9. Ba4 Ne5 10. Bxd7+ Nxd7 11. c3 Ngf6 12. Bf4 Nh5 13. Be3 O-O 14. Nbd2
Nc5 15. Qc2 Qc7 16. Nb3 b6 17. Bd4 1/2-1/2

[Event "MCR senioru 2013 - 70"]
[Site "?"]
[Date "2013.08.23"]
[Round "7.10"]
[White "Neubauer, Vilem"]
[Black "Matoulek, Jaroslav"]
[Result "0-1"]
[WhiteElo "1873"]
[BlackElo "1727"]
[PlyCount "70"]
[EventDate "2013.??.??"]
[SourceDate "2013.08.23"]

1. f4 e6 2. g3 d5 3. Bg2 Nf6 4. Nf3 Bd6 5. O-O Nc6 6. d3 Ne7 7. Qe1 O-O 8. e4
dxe4 9. dxe4 Bc5+ 10. Kh1 Ng4 11. h3 Nf6 12. e5 Ne8 13. Ng5 Rb8 14. g4 a6 15.
Be4 Ng6 16. Bxg6 fxg6 17. Ne4 Ba7 18. Qg3 b5 19. Nbc3 Bb7 20. Rd1 Bxe4+ 21. Kh2
Bd5 22. b3 c6 23. Ne2 Qb6 24. Rf1 Nc7 25. h4 b4 26. h5 Be4 27. Bb2 Rbd8 28.
hxg6 Bxg6 29. Bc1 Bxc2 30. Rf3 Qb5 31. Qe1 Rd1 32. a4 Qd5 33. Qg3 Be4 34. Be3
Bxe3 35. Rxe3 Rxa1 0-1

[Event "MCR senioru 2013 - 50"]
[Site "?"]
[Date "2013.08.24"]
[Round "8.1"]
[White "Humlicek, Vojtech"]
[Black "Peroutka, Ivo"]
[Result "1-0"]
[WhiteElo "1952"]
[BlackElo "1623"]
[PlyCount "103"]
[EventDate "2013.??.??"]

1. e4 e6 2. d4 d5 3. exd5 exd5 4. Bd3 Nf6 5. Ne2 Bd6 6. Bf4 Be6 7. O-O O-O 8.
Nd2 Nc6 9. c3 Ne7 10. Qc2 Ng6 11. Bg5 Bxh2+ 12. Kh1 Bd6 13. f4 Bg4 14. f5 Nh8
15. Nf3 Re8 16. Neg1 Bxf3 17. Rxf3 Be7 18. Rh3 Ne4 19. Bf4 Bd6 20. Rf1 f6 21.
Qb3 Bxf4 22. Rxf4 Nf7 23. Bxe4 Rxe4 24. Rxe4 dxe4 25. Re3 Qe7 26. Qxb7 Re8 27.
Qd5 Kf8 28. Ne2 Ng5 29. Ng3 g6 30. b4 Kg7 31. Kg1 Qf7 32. Qxf7+ Kxf7 33. c4
gxf5 34. Nxf5 Kg6 35. g4 Nf3+ 36. Kf2 Kg5 37. Rc3 h5 38. Ng7 Rb8 39. gxh5 Rxb4
40. Ne6+ Kxh5 41. Nxc7 f5 42. Ke3 Kg4 43. Ne6 Rb2 44. c5 Ng1 45. d5 Re2+ 46.
Kd4 f4 47. c6 Rd2+ 48. Kc5 e3 49. c7 e2 50. c8=Q e1=Q 51. Qg8+ Kf5 52. Qg5+ 1-0

[Event "MCR senioru 2013 - 50"]
[Site "?"]
[Date "2013.08.24"]
[Round "8.2"]
[White "Vlachopulos, Georgis"]
[Black "Urban, Zdenek"]
[Result "0-1"]
[WhiteElo "1982"]
[BlackElo "2124"]
[PlyCount "88"]
[EventDate "2013.??.??"]

1. e4 d6 2. d4 Nf6 3. Nc3 c6 4. a4 Nbd7 5. Nf3 e5 6. Be2 Be7 7. O-O a5 8. b3
O-O 9. Ba3 Re8 10. dxe5 dxe5 11. Bd6 Qb6 12. Bc4 Bxd6 13. Qxd6 Qb4 14. Qxb4
axb4 15. Na2 Nxe4 16. Nxb4 Nd6 17. Be2 e4 18. Nd2 Ne5 19. Rfd1 Bg4 20. Bxg4
Nxg4 21. Nf1 Rad8 22. a5 Nb5 23. Rxd8 Rxd8 24. a6 Nd4 25. h3 Ne2+ 26. Kh1 Nxf2+
27. Kh2 bxa6 28. Nxc6 Rd1 29. Rxd1 Nxd1 30. Ng3 Nec3 31. Kg1 g6 32. Kf1 f5 33.
Ne2 Ne3+ 34. Kf2 Ned5 35. g3 Kf7 36. Nb8 Nxe2 37. Kxe2 Nc7 38. Nd7 Ke7 39. Nb6
g5 40. Na4 Kd6 41. Ke3 Ke5 42. c4 f4+ 43. gxf4+ gxf4+ 44. Ke2 Kd4 0-1

[Event "MCR senioru 2013 - 50"]
[Site "?"]
[Date "2013.08.24"]
[Round "8.3"]
[White "Malinovsky, Petr"]
[Black "Chladek, Vaclav"]
[Result "1-0"]
[WhiteElo "1980"]
[BlackElo "2065"]
[PlyCount "81"]
[EventDate "2013.??.??"]

1. d4 d5 2. c4 c6 3. e3 Nf6 4. Nf3 a6 5. Bd3 dxc4 6. Bxc4 b5 7. Bd3 e6 8. O-O
Be7 9. b3 Nbd7 10. Bb2 c5 11. Nbd2 Bb7 12. e4 O-O 13. Qe2 Qc7 14. Rfc1 Qf4 15.
a4 Bc6 16. axb5 axb5 17. Bxb5 Bxb5 18. Qxb5 Rxa1 19. Rxa1 Rb8 20. Qe2 cxd4 21.
Bxd4 Rc8 22. g3 Qb8 23. Rb1 Bb4 24. h3 h6 25. Qd3 Nc5 26. Bxc5 Bxc5 27. Kg2 Rd8
28. Qe2 Bb4 29. Rb2 Qb7 30. Rc2 Kh7 31. Qc4 Kh8 32. h4 Kh7 33. Kh2 g6 34. e5
Bxd2 35. Nxd2 Nd7 36. Qf4 Kg7 37. b4 Qb5 38. Rc5 Qd3 39. Rc7 Ra8 40. Ne4 Ra1
41. Nd6 1-0

[Event "MCR senioru 2013 - 50"]
[Site "?"]
[Date "2013.08.24"]
[Round "8.4"]
[White "Korinkova, Eva"]
[Black "Nemec, Otakar"]
[Result "1-0"]
[WhiteElo "1775"]
[BlackElo "1919"]
[PlyCount "91"]
[EventDate "2013.??.??"]

1. e4 c5 2. Nc3 Nc6 3. f4 e6 4. Nf3 d5 5. Bb5 Nf6 6. exd5 exd5 7. Bxc6+ bxc6 8.
Ne5 Qc7 9. O-O Be7 10. b3 O-O 11. Bb2 Bd6 12. Na4 Be6 13. d3 c4 14. Qf3 Nd7 15.
Nxd7 Bxd7 16. dxc4 dxc4 17. Qc3 f6 18. Qxc4+ Kh8 19. Rad1 Bf5 20. Nc5 Bxc5+ 21.
Qxc5 Qb6 22. Bd4 Qxc5 23. Bxc5 Rfe8 24. Rd2 a6 25. h3 Rad8 26. Rfd1 Rxd2 27.
Rxd2 h5 28. Kf2 Kg8 29. c4 Kf7 30. Rd6 Rc8 31. Kf3 Bb1 32. Rd7+ Kg6 33. Rd2 Kf5
34. g4+ hxg4+ 35. hxg4+ Kg6 36. f5+ Kf7 37. Rd7+ Kg8 38. Rd2 Kf7 39. b4 Rc7 40.
a4 Ke8 41. Ke3 Rd7 42. Rb2 Rd1 43. b5 cxb5 44. cxb5 axb5 45. axb5 Rd5 46. Bd4
1-0

[Event "MCR senioru 2013 - 50"]
[Site "?"]
[Date "2013.08.24"]
[Round "8.5"]
[White "Lorenc, Oldrich"]
[Black "Plachetka, Milan"]
[Result "1-0"]
[WhiteElo "2137"]
[BlackElo "1623"]
[PlyCount "99"]
[EventDate "2013.??.??"]

1. c4 Nf6 2. Nc3 e6 3. g3 Bb4 4. Bg2 Bxc3 5. dxc3 O-O 6. e4 Nc6 7. Ne2 d6 8.
O-O e5 9. h3 Be6 10. b3 Qd7 11. Kh2 Rad8 12. Qc2 h6 13. f4 Qc8 14. f5 Bd7 15.
g4 Nh7 16. Be3 f6 17. Ng3 Be8 18. a4 b6 19. Rf2 Ne7 20. a5 Qa6 21. Bf1 c5 22.
b4 Qb7 23. b5 Bf7 24. Bd3 Nc8 25. a6 Qd7 26. Rg1 Kh8 27. Qe2 Ne7 28. h4 Ng8 29.
Kh1 Qe7 30. Rh2 Be8 31. Qd2 Rd7 32. Be2 Bf7 33. Kg2 Rfd8 34. g5 fxg5 35. hxg5
g6 36. Bg4 Rc7 37. Rgh1 Qe8 38. Qe2 Qf8 39. Rf1 Qe8 40. Kh1 Qe7 41. Qd2 Qe8 42.
fxg6 Bxg6 43. Nf5 Ne7 44. Rxh6 Nxf5 45. exf5 Bf7 46. Rxh7+ Kxh7 47. g6+ Bxg6
48. fxg6+ Kg7 49. Bh6+ Kg8 50. Qd5+ 1-0

[Event "MCR senioru 2013 - 50"]
[Site "?"]
[Date "2013.08.24"]
[Round "8.6"]
[White "Papacek, Milos"]
[Black "Masek, Jan"]
[Result "0-1"]
[WhiteElo "1815"]
[BlackElo "1959"]
[PlyCount "76"]
[EventDate "2013.??.??"]

1. e4 e5 2. Nf3 Nc6 3. Bb5 a6 4. Ba4 Nf6 5. d4 Nxe4 6. O-O Be7 7. Re1 b5 8. Bb3
d5 9. c3 O-O 10. dxe5 Be6 11. Nbd2 Nxd2 12. Qxd2 Qd7 13. Qd3 Rad8 14. Bc2 g6
15. Bg5 Bf5 16. Qd2 Bxg5 17. Nxg5 Bxc2 18. Qxc2 Rfe8 19. f4 Qg4 20. Qf2 h6 21.
h3 Qf5 22. g4 Qd3 23. Re3 Qc4 24. b3 Qc5 25. Nf3 b4 26. Qd2 d4 27. cxd4 Nxd4
28. Nxd4 Rxd4 29. Qf2 Red8 30. Rae1 Rd2 31. R1e2 Rd1+ 32. Kg2 Qc1 33. Kg3 R1d2
34. Rxd2 Rxd2 35. Re2 Qc3+ 36. Kh4 Rd3 37. Qg2 Rf3 38. Rf2 Rxh3+ 0-1

[Event "MCR senioru 2013 - 50"]
[Site "?"]
[Date "2013.08.24"]
[Round "8.7"]
[White "Cvejn, Jaroslav"]
[Black "Mares, Ilja"]
[Result "1/2-1/2"]
[WhiteElo "1746"]
[BlackElo "1817"]
[PlyCount "90"]
[EventDate "2013.??.??"]

1. e4 c6 2. d4 d5 3. exd5 cxd5 4. Nf3 Bg4 5. h3 Bxf3 6. Qxf3 Nc6 7. c3 e6 8.
Bd3 Bd6 9. O-O Qf6 10. Qxf6 Nxf6 11. Nd2 Kd7 12. b4 a6 13. a4 Rhc8 14. Bb2 g6
15. b5 Na5 16. bxa6 bxa6 17. Rab1 Bf4 18. Nf3 Nc4 19. Ba1 Rab8 20. Bxc4 Rxc4
21. Rxb8 Bxb8 22. Rb1 Kc8 23. Ng5 Rc7 24. Rb6 Rb7 25. Rxb7 Kxb7 26. Nxf7 Kc6
27. f3 Kd7 28. Bb2 Ke7 29. Ne5 Bxe5 30. dxe5 Nd7 31. Ba3+ Kd8 32. f4 Nb6 33. a5
Nc4 34. Bb4 Kd7 35. Kf2 Kc6 36. g4 Kd7 37. Ke2 g5 38. Kf3 Ke8 39. fxg5 Nxe5+
40. Ke3 Nc6 41. h4 Kf7 42. h5 e5 43. Bd6 Ke6 44. Bf8 Kf7 45. Bd6 Ke6 1/2-1/2

[Event "MCR senioru 2013 - 50"]
[Site "?"]
[Date "2013.08.24"]
[Round "8.8"]
[White "Zamarska, Dagmar"]
[Black "Habada, Jindrich"]
[Result "0-1"]
[WhiteElo "1486"]
[BlackElo "1886"]
[PlyCount "42"]
[EventDate "2013.??.??"]

1. d4 Nf6 2. c4 c5 3. d5 e6 4. d6 Qb6 5. Nc3 a6 6. Nf3 Bxd6 7. e4 Qc7 8. Bd3
Nc6 9. O-O b6 10. Bg5 Ng4 11. h3 h5 12. Qc2 Bb7 13. Ne2 f6 14. e5 Ncxe5 15.
Bg6+ Ke7 16. Nxe5 Bxe5 17. hxg4 hxg4 18. f4 gxf3 19. Nf4 fxg2 20. Nxg2 Bd4+ 21.
Be3 Qh2+ 0-1

[Event "MCR senioru 2013 - 50"]
[Site "?"]
[Date "2013.08.24"]
[Round "8.9"]
[White "Zoufaly, Petr"]
[Black "Ruffer, Vaclav"]
[Result "1-0"]
[WhiteElo "1716"]
[BlackElo "1657"]
[PlyCount "77"]
[EventDate "2013.??.??"]

1. d4 Nf6 2. Nf3 e6 3. c4 d5 4. e3 c6 5. Nc3 Be7 6. b3 Bb4 7. Bd2 Bxc3 8. Bxc3
Ne4 9. Qc2 f5 10. cxd5 Nxc3 11. Qxc3 exd5 12. Bd3 O-O 13. O-O Nd7 14. g3 Nf6
15. Nh4 Ng4 16. Qc2 Qg5 17. Be2 Nh6 18. b4 Qe7 19. b5 Bd7 20. Bf3 g5 21. bxc6
Bxc6 22. Ng2 Rac8 23. Qb3 Qd6 24. Be2 Rc7 25. h4 Rg7 26. hxg5 Rxg5 27. Nf4 Ng4
28. Bxg4 Rxg4 29. Kg2 Rg7 30. Rh1 Rd8 31. Rh2 Be8 32. Rah1 Bg6 33. Rh6 b6 34.
Qa4 Kf7 35. Qxa7+ Rd7 36. Qa4 Qe7 37. Rb1 Ra7 38. Qb3 Ra3 39. Qxd5+ 1-0

[Event "MCR senioru 2013 - 50"]
[Site "?"]
[Date "2013.08.24"]
[Round "8.10"]
[White "Kubelova, Sona"]
[Black "Volfova, Milena"]
[Result "1-0"]
[WhiteElo "1711"]
[BlackElo "1683"]
[PlyCount "107"]
[EventDate "2013.??.??"]

1. d4 d5 2. c4 dxc4 3. e4 e6 4. Bxc4 Nf6 5. e5 Nd5 6. Nc3 Nc6 7. Nge2 Be7 8.
O-O O-O 9. Nxd5 exd5 10. Bd3 Be6 11. a3 Qd7 12. Qc2 h6 13. Be3 a6 14. f4 f5 15.
exf6 Bxf6 16. f5 Bf7 17. Rf3 Qe7 18. Qd2 Bh5 19. Rh3 Rae8 20. Nf4 Bf7 21. Be2
Bg5 22. Rf1 Na5 23. Qxa5 Bxf4 24. Rxf4 Qd6 25. Qd2 Qf6 26. Rg4 Qxf5 27. Bxh6
Bg6 28. Be3 Qb1+ 29. Bd1 Bf5 30. Rgh4 Bxh3 31. Rxh3 Re6 32. Qe2 Rfe8 33. Kf2
Rxe3 34. Rxe3 Rxe3 35. Kxe3 Qe4+ 36. Kf2 Qxd4+ 37. Kf1 Qf4+ 38. Kg1 Qd4+ 39.
Kh1 Qe4 40. Qxe4 dxe4 41. Kg1 Kf7 42. Bc2 g5 43. Bxe4 b6 44. Kf2 Kf6 45. Ke3 c5
46. h3 a5 47. Bc6 Ke5 48. Bb5 Kd5 49. b3 Ke5 50. Kf3 Kf5 51. g3 Ke5 52. Kg4 Kd4
53. a4 Kc3 54. Bc4 1-0

[Event "MCR senioru 2013 - 60"]
[Site "?"]
[Date "2013.08.24"]
[Round "8.1"]
[White "Gasik, Piotr"]
[Black "Mlynek, Petr"]
[Result "0-1"]
[WhiteElo "2136"]
[BlackElo "2192"]
[PlyCount "50"]
[EventDate "2013.??.??"]

1. f4 d5 2. Nf3 g6 3. g3 Bg7 4. Bg2 Nf6 5. O-O O-O 6. c3 b6 7. d3 Bb7 8. e4
dxe4 9. Ng5 Nbd7 10. Nxe4 Nxe4 11. dxe4 e5 12. f5 Nc5 13. Qc2 Qd3 14. Qxd3 Nxd3
15. f6 Bxf6 16. Rxf6 Nxc1 17. Nd2 Nd3 18. b4 a5 19. Bf1 Rfd8 20. Rf3 Nb2 21.
Rf2 axb4 22. cxb4 Nd3 23. Rf3 Nxb4 24. Bc4 Rxd2 25. Rxf7 Kh8 0-1

[Event "MCR senioru 2013 - 60"]
[Site "?"]
[Date "2013.08.24"]
[Round "8.2"]
[White "Vlacil, Vladimir"]
[Black "Vorobyov, Yrij"]
[Result "1/2-1/2"]
[WhiteElo "2058"]
[BlackElo "2235"]
[PlyCount "32"]
[EventDate "2013.??.??"]

1. e4 c5 2. Nf3 a6 3. Nc3 b5 4. a4 b4 5. Ne2 Bb7 6. Ng3 d6 7. d4 cxd4 8. Nxd4
Nf6 9. f3 e5 10. Ndf5 d5 11. Bg5 d4 12. Nh5 Bc8 13. Nfxg7+ Bxg7 14. Nxg7+ Kf8
15. Nh5 Nbd7 16. Qd2 Qb6 1/2-1/2

[Event "MCR senioru 2013 - 60"]
[Site "?"]
[Date "2013.08.24"]
[Round "8.3"]
[White "Novotny, Josef"]
[Black "Fiser, Jiri"]
[Result "0-1"]
[WhiteElo "2129"]
[BlackElo "1970"]
[PlyCount "84"]
[EventDate "2013.??.??"]

1. e3 g6 2. d3 Bg7 3. Nf3 d5 4. g3 e5 5. Bg2 Ne7 6. Nc3 O-O 7. h4 h5 8. Qe2 Bg4
9. Bh3 Qd7 10. Bxg4 Qxg4 11. e4 c6 12. Bg5 f6 13. Bd2 d4 14. Nb1 c5 15. c4 Nbc6
16. Nh2 Qxe2+ 17. Kxe2 f5 18. exf5 Nxf5 19. Na3 a6 20. Rag1 Rae8 21. f3 Nh6 22.
Nb1 Kh7 23. Bc1 Nf5 24. g4 Nxh4 25. gxh5 gxh5 26. Ng4 Nxf3 27. Rxh5+ Kg6 28.
Rgh1 e4 29. Nd2 exd3+ 30. Kd1 Re1+ 31. Rxe1 Kxh5 32. Nxf3 Rxf3 33. Rg1 Kh4 34.
Bd2 Be5 35. Be1+ Bg3 36. Nh2 Re3 37. Rxg3 Rxe1+ 38. Kxe1 Kxg3 39. Nf1+ Kf3 40.
Kd2 Ne5 41. Ke1 Nxc4 42. b3 d2+ 0-1

[Event "MCR senioru 2013 - 60"]
[Site "?"]
[Date "2013.08.24"]
[Round "8.4"]
[White "Klimes, Jiri"]
[Black "Furman, Boris"]
[Result "0-1"]
[WhiteElo "1898"]
[BlackElo "2164"]
[PlyCount "105"]
[EventDate "2013.??.??"]

1. e4 c5 2. c3 Nf6 3. e5 Nd5 4. d4 cxd4 5. cxd4 d6 6. Nf3 Nc6 7. Bc4 Nb6 8. Be2
dxe5 9. Nxe5 Qxd4 10. Nxc6 Qxd1+ 11. Bxd1 bxc6 12. Bf3 Nd5 13. Nc3 e6 14. Bd2
Be7 15. O-O O-O 16. a3 Bf6 17. Rac1 Ba6 18. Rfd1 Rfd8 19. h3 Rac8 20. b4 Nxc3
21. Bxc3 Rxd1+ 22. Bxd1 Bg5 23. Ra1 Bc4 24. Bf3 Bd5 25. Be2 c5 26. Ba6 cxb4 27.
Bxb4 Rc2 28. Bd3 Rb2 29. Re1 f5 30. Rd1 g6 31. Re1 Kf7 32. Ba6 Bd8 33. Bc5 Bb6
34. Bxb6 Rxb6 35. Bf1 Rb3 36. Ra1 a5 37. Be2 Ke7 38. h4 Kd6 39. Kf1 Rb2 40. g3
Ra2 41. Rxa2 Bxa2 42. Ke1 Kc5 43. Kd2 Kd4 44. h5 g5 45. h6 Bb1 46. Bb5 f4 47.
gxf4 gxf4 48. Bd7 e5 49. Be6 e4 50. Ke1 e3 51. fxe3+ Kxe3 52. Bc4 f3 53. Kf1
0-1

[Event "MCR senioru 2013 - 60"]
[Site "?"]
[Date "2013.08.24"]
[Round "8.6"]
[White "Most, Zdenek"]
[Black "Kotva, Milan"]
[Result "0-1"]
[WhiteElo "2046"]
[BlackElo "1970"]
[PlyCount "108"]
[EventDate "2013.??.??"]

1. d4 d5 2. Nf3 Nf6 3. g3 c6 4. Bg2 Bf5 5. c4 dxc4 6. Nc3 Nbd7 7. a4 e6 8. O-O
a5 9. Nh4 Bg4 10. h3 Bh5 11. Qc2 Nb6 12. Rd1 Be7 13. Nf3 Nbd5 14. Ne5 Bg6 15.
e4 Nb4 16. Qe2 Nd3 17. Nxd3 cxd3 18. Qxd3 O-O 19. Be3 Qd7 20. Qc4 Rac8 21. Rac1
Rfd8 22. Kh2 Bb4 23. f3 Qe8 24. Qb3 h6 25. Na2 Bf8 26. Qb6 Nd7 27. Qxb7 Rb8 28.
Qxc6 Rxb2 29. Rc2 Rxc2 30. Qxc2 Nb6 31. Nc3 Rc8 32. Qb3 Bb4 33. Nb5 Nc4 34. Rc1
Nxe3 35. Qxe3 Rc6 36. Bf1 Qc8 37. Rxc6 Qxc6 38. Qd3 Qc1 39. Be2 Qa1 40. Bd1 f5
41. Bb3 Kh8 42. Kg2 fxe4 43. fxe4 Qe1 44. Bc2 Bd2 45. Qf3 Be3 46. h4 Qd2+ 47.
Kh3 Qxc2 48. Qxe3 Bxe4 49. Nd6 Bg2+ 50. Kg4 Qg6+ 51. Kf4 Qf6+ 52. Kg4 h5+ 53.
Kxh5 Bf3+ 54. g4 Kh7 0-1

[Event "MCR senioru 2013 - 60"]
[Site "?"]
[Date "2013.08.24"]
[Round "8.7"]
[White "Tejkal, Jiri"]
[Black "Papan, Cyril"]
[Result "1/2-1/2"]
[WhiteElo "1961"]
[BlackElo "2034"]
[PlyCount "29"]
[EventDate "2013.??.??"]

1. d4 Nf6 2. Nf3 b6 3. c4 e6 4. a3 Bb7 5. Nc3 d5 6. cxd5 Nxd5 7. Qc2 Nd7 8.
Nxd5 exd5 9. Bf4 Rc8 10. e3 Nf6 11. Bd3 Bd6 12. Bxd6 Qxd6 13. O-O O-O 14. Bf5
Rce8 15. Rac1 1/2-1/2

[Event "MCR senioru 2013 - 60"]
[Site "?"]
[Date "2013.08.24"]
[Round "8.8"]
[White "Dolezal, Radoslav"]
[Black "Hlavac, Frantisek"]
[Result "1/2-1/2"]
[WhiteElo "1927"]
[BlackElo "2011"]
[PlyCount "25"]
[EventDate "2013.??.??"]

1. e4 Nf6 2. e5 Nd5 3. d4 d6 4. exd6 exd6 5. c4 Nb6 6. b3 Be7 7. Nf3 O-O 8. Be2
Bf6 9. Bb2 Nc6 10. O-O Bf5 11. Bc3 Re8 12. Re1 Qd7 13. Nbd2 1/2-1/2

[Event "MCR senioru 2013 - 60"]
[Site "?"]
[Date "2013.08.24"]
[Round "8.9"]
[White "Chmelik, Jiri"]
[Black "Sibl, Vaclav"]
[Result "1/2-1/2"]
[WhiteElo "2002"]
[BlackElo "1948"]
[PlyCount "21"]
[EventDate "2013.??.??"]

1. d4 d6 2. Nf3 Bg4 3. e4 c6 4. Nc3 Nd7 5. Be2 e5 6. O-O Ngf6 7. Be3 Be7 8. Nd2
Bxe2 9. Qxe2 O-O 10. Rad1 Qc7 11. Nb3 1/2-1/2

[Event "MCR senioru 2013 - 60"]
[Site "?"]
[Date "2013.08.24"]
[Round "8.11"]
[White "Uhmann, Jan"]
[Black "Gasik, Jadwiga"]
[Result "1-0"]
[WhiteElo "2137"]
[BlackElo "1939"]
[PlyCount "95"]
[EventDate "2013.??.??"]

1. d4 f5 2. c4 Nf6 3. Nc3 g6 4. Nf3 d6 5. g3 Bg7 6. Bg2 c6 7. O-O O-O 8. Re1
Qc7 9. b4 e5 10. dxe5 dxe5 11. e4 f4 12. Qb3 Kh8 13. gxf4 exf4 14. Bb2 Be6 15.
e5 Nh5 16. b5 Nd7 17. bxc6 bxc6 18. Ba3 Rab8 19. Qc2 c5 20. Nb5 Qa5 21. Bb2 Qb4
22. Bf1 Bf5 23. Qb3 a6 24. Qxb4 cxb4 25. Nd6 Bg4 26. Kg2 Nc5 27. h3 Bd7 28. Kh2
h6 29. Rad1 b3 30. a3 Na4 31. Bd4 Be6 32. Nh4 g5 33. Ng6+ Kg8 34. Nxf8 Kxf8 35.
Be2 f3 36. Bxf3 Nf4 37. h4 Bd7 38. c5 Ne6 39. c6 Bc8 40. Ba7 Ra8 41. Bd5 Nc3
42. Bxb3 Nxd1 43. Nxc8 Rxc8 44. Bxe6 Rxc6 45. Bd5 Rc3 46. hxg5 Rd3 47. Bc5+ Ke8
48. Bc6+ 1-0

[Event "MCR senioru 2013 - 60"]
[Site "?"]
[Date "2013.08.24"]
[Round "8.12"]
[White "Milian, Milan"]
[Black "Just, Pavel"]
[Result "0-1"]
[WhiteElo "1870"]
[BlackElo "2002"]
[PlyCount "120"]
[EventDate "2013.??.??"]

1. e4 e5 2. Nf3 Nc6 3. Bb5 Nf6 4. O-O Nxe4 5. Re1 Nd6 6. Nxe5 Be7 7. Ba4 O-O 8.
Nc3 Nxe5 9. Rxe5 Bf6 10. Re1 c6 11. d3 Bxc3 12. bxc3 Nf5 13. c4 d6 14. Bb2 Qg5
15. Qf3 Be6 16. Bb3 Rfd8 17. Re4 h5 18. Rae1 Rd7 19. Rf4 Rad8 20. g3 Qg6 21. h3
c5 22. Kh2 Qh7 23. Ba4 Rc7 24. Rfe4 Qh6 25. Bc1 Qg6 26. h4 Kh7 27. Bg5 Rg8 28.
g4 Nd4 29. Rxd4 cxd4 30. gxh5 Qf5 31. Qxf5+ Bxf5 32. Bf4 Rd8 33. Kg3 a6 34. Bb3
Rcd7 35. Ba4 Rc7 36. Bb3 b6 37. Kf3 Bd7 38. Kg3 Bc6 39. a4 Rcd7 40. Bc1 d5 41.
Re5 dxc4 42. Bxc4 Bxa4 43. Rf5 b5 44. Bxf7 Bxc2 45. Bg6+ Kh8 46. Rc5 Bb3 47. h6
gxh6 48. Bxh6 Rg8 49. h5 Rd6 50. Bf4 Rdxg6+ 51. hxg6 Rxg6+ 52. Kf3 Bd1+ 53. Ke4
b4 54. Be5+ Kg8 55. Rc8+ Kf7 56. Rb8 a5 57. Rb7+ Ke8 58. Bxd4 Re6+ 59. Kd5 Ra6
60. f4 Bf3+ 0-1

[Event "MCR senioru 2013 - 60"]
[Site "?"]
[Date "2013.08.24"]
[Round "8.13"]
[White "Zboril, Jaroslav"]
[Black "Portych, Vaclav"]
[Result "1-0"]
[WhiteElo "1979"]
[BlackElo "1794"]
[PlyCount "61"]
[EventDate "2013.??.??"]

1. d4 Nf6 2. Nf3 b6 3. Bg5 e6 4. e3 Be7 5. Nbd2 d5 6. Bd3 Nbd7 7. O-O O-O 8.
Ne5 Bb7 9. f4 c5 10. c3 cxd4 11. exd4 h6 12. Bxf6 Bxf6 13. Qh5 Nxe5 14. fxe5
Be7 15. Rf3 Qe8 16. Qh3 Bg5 17. Nf1 Bc6 18. Rg3 Bb5 19. Bc2 Qe7 20. Ne3 Bxe3+
21. Rxe3 Bd7 22. Rg3 f5 23. Qxh6 Be8 24. Rf1 g6 25. h4 Qh7 26. Qg5 Kg7 27. h5
Rh8 28. Qf6+ Kg8 29. Qxe6+ Kf8 30. Qf6+ Bf7 31. e6 1-0

[Event "MCR senioru 2013 - 60"]
[Site "?"]
[Date "2013.08.24"]
[Round "8.14"]
[White "Sedlacek, Jan"]
[Black "Innemann, Frantisek"]
[Result "1-0"]
[WhiteElo "1890"]
[BlackElo "1919"]
[PlyCount "101"]
[EventDate "2013.??.??"]

1. e4 e6 2. d3 c5 3. Nf3 Nc6 4. g3 d5 5. Nbd2 Bd6 6. Bg2 Qc7 7. O-O Nge7 8. c3
O-O 9. Re1 Ng6 10. d4 cxd4 11. cxd4 Nb4 12. e5 Be7 13. Re3 Bd7 14. Rc3 Qb6 15.
a3 Na6 16. b4 Rac8 17. Rxc8 Rxc8 18. Bb2 Bb5 19. Rc1 Rc7 20. Bf1 Bxf1 21. Qxf1
f6 22. Rxc7 Nxc7 23. Nb3 fxe5 24. dxe5 Qa6 25. Qxa6 Nxa6 26. Na5 Nb8 27. Nxb7
Nf8 28. Nd4 a6 29. f4 g6 30. Kf2 Kf7 31. Ke3 Nfd7 32. Nb3 Nb6 33. N3a5 Ke8 34.
Nc5 Bxc5+ 35. bxc5 Na4 36. Bd4 Kd7 37. Kd3 Nc6 38. Nb7 Nxd4 39. Kxd4 Nb2 40.
Na5 Nd1 41. c6+ Kc7 42. Nb7 Kxc6 43. Nc5 Nc3 44. Nxe6 Nb5+ 45. Kd3 Nxa3 46. g4
Nb5 47. f5 gxf5 48. gxf5 Nc7 49. Nxc7 Kxc7 50. Kd4 Kc6 51. f6 1-0

[Event "MCR senioru 2013 - 60"]
[Site "?"]
[Date "2013.08.24"]
[Round "8.16"]
[White "Vlachopulos, Elfteris"]
[Black "Lexa, Václav"]
[Result "0-1"]
[WhiteElo "1725"]
[BlackElo "1890"]
[PlyCount "46"]
[EventDate "2013.??.??"]

1. d4 d5 2. Nf3 Nf6 3. c4 e6 4. Nc3 Nbd7 5. Bg5 Be7 6. e3 c6 7. Bd3 dxc4 8.
Bxc4 b5 9. Be2 Bb7 10. O-O O-O 11. Rc1 a6 12. Re1 Nd5 13. Bxe7 Qxe7 14. e4 Nf4
15. Bf1 Ng6 16. e5 Rfd8 17. Qc2 c5 18. Bd3 cxd4 19. Ne2 Rac8 20. Qd2 Rxc1 21.
Rxc1 Bxf3 22. gxf3 Ndxe5 23. Be4 d3 0-1

[Event "MCR senioru 2013 - 60"]
[Site "?"]
[Date "2013.08.24"]
[Round "8.17"]
[White "Juricek, Stanislav"]
[Black "Vesely, Emanuel"]
[Result "1-0"]
[WhiteElo "2101"]
[BlackElo "1867"]
[PlyCount "71"]
[EventDate "2013.??.??"]

1. e4 e5 2. Nc3 Nf6 3. f4 d5 4. fxe5 Nxe4 5. Nf3 Bg4 6. Qe2 Bxf3 7. Qxf3 Nc6 8.
Nxe4 dxe4 9. Qxe4 Qd4 10. Qxd4 Nxd4 11. Bd3 Bc5 12. c3 Ne6 13. Bc4 Be7 14. d4
c6 15. O-O O-O 16. Be3 b5 17. Bb3 Nc7 18. Rad1 Nd5 19. Bc1 Rad8 20. g3 Rd7 21.
Kg2 h6 22. Rde1 Rfd8 23. e6 fxe6 24. Rxe6 Bd6 25. h4 Re7 26. Rxe7 Bxe7 27. Re1
Kf7 28. h5 Bf6 29. Bc2 Ne7 30. Kf3 Rd6 31. Bf4 Rd7 32. Kg4 b4 33. Bb3+ Kf8 34.
Re6 bxc3 35. bxc3 Nd5 36. Rxc6 1-0

[Event "MCR senioru 2013 - 60"]
[Site "?"]
[Date "2013.08.24"]
[Round "8.18"]
[White "Trojan, Lubos"]
[Black "Silar, Ladislav"]
[Result "1-0"]
[WhiteElo "2016"]
[BlackElo "1856"]
[PlyCount "85"]
[EventDate "2013.??.??"]

1. d4 d5 2. Nf3 Nf6 3. c4 e6 4. Nc3 Nbd7 5. Bg5 c6 6. e3 Qa5 7. Bxf6 Nxf6 8.
Nd2 Bb4 9. Qc2 O-O 10. Bd3 Re8 11. Nb3 Bxc3+ 12. bxc3 Qc7 13. f4 b6 14. c5 Bd7
15. O-O b5 16. Rf3 Reb8 17. h3 a5 18. g4 a4 19. Nd2 g6 20. a3 Kf8 21. Nf1 Ke7
22. Ng3 h5 23. g5 Ne8 24. Bxg6 fxg6 25. Qxg6 Kd8 26. Nxh5 Kc8 27. Qh7 Kb7 28.
g6 Rd8 29. Rg3 Rac8 30. g7 Nxg7 31. Rxg7 Rh8 32. Qg6 Rcd8 33. Kh2 Qa5 34. Rc1
Kc8 35. Nf6 Qc7 36. Nxd7 Rxd7 37. Qxe6 Rhd8 38. Rcg1 Kb8 39. Rxd7 Rxd7 40. Qe5
Qxe5 41. fxe5 Rf7 42. Kg2 Kc7 43. Rf1 1-0

[Event "MCR senioru 2013 - 60"]
[Site "?"]
[Date "2013.08.24"]
[Round "8.20"]
[White "Splitek, Lubos"]
[Black "Pokorny, Jan"]
[Result "1-0"]
[WhiteElo "1773"]
[BlackElo "1877"]
[PlyCount "113"]
[EventDate "2013.??.??"]

1. e4 d6 2. d4 Nf6 3. Nc3 g6 4. f4 Bg4 5. Nf3 Bg7 6. Bd3 O-O 7. O-O Nfd7 8. Be3
c5 9. d5 Na6 10. h3 Bxf3 11. Rxf3 Nc7 12. Qd2 b5 13. Raf1 c4 14. Be2 f5 15. Bd4
b4 16. Bxg7 bxc3 17. Qxc3 Nb5 18. Qxc4 Qb6+ 19. Kh2 fxe4 20. Rb3 Kxg7 21. Rxb5
Qd8 22. Qxe4 Nc5 23. Qe3 a6 24. Rb4 a5 25. Rc4 Rf7 26. f5 gxf5 27. Qg5+ Kh8 28.
Rxf5 Qg8 29. Qxg8+ Kxg8 30. Rxf7 Kxf7 31. Rf4+ Kg6 32. c4 Rb8 33. b3 Rb4 34.
Bd1 Kg7 35. Bc2 a4 36. Rf3 a3 37. Kg3 Nd7 38. Kf2 Rb8 39. Ke2 Ne5 40. Rf4 h5
41. Kd2 Kh6 42. g4 hxg4 43. hxg4 Kg5 44. Re4 Rh8 45. c5 Rh2+ 46. Kc1 Rh1+ 47.
Bd1 Nd3+ 48. Kc2 Nxc5 49. Rxe7 Kf6 50. Re2 Kg5 51. b4 Na6 52. Re4 Nc7 53. Rd4
Kf6 54. Rf4+ Ke5 55. Rf5+ Kd4 56. g5 Nxd5 57. Rxd5+ 1-0

[Event "MCR senioru 2013 - 70"]
[Site "?"]
[Date "2013.08.24"]
[Round "8.1"]
[White "Vitek, Vaclav"]
[Black "Macura, Emil"]
[Result "1-0"]
[WhiteElo "2043"]
[BlackElo "1944"]
[PlyCount "45"]
[EventDate "2013.??.??"]

1. d4 Nf6 2. Bg5 d5 3. Nd2 Bf5 4. e3 c6 5. f3 Nbd7 6. Ne2 h6 7. Bh4 g5 8. Bf2
e5 9. h4 g4 10. Ng3 Bg6 11. dxe5 Nxe5 12. f4 Ned7 13. h5 Bh7 14. Bd3 Bxd3 15.
cxd3 Nc5 16. Qc2 Qa5 17. O-O Qb5 18. Qc3 Be7 19. Nf5 Ncd7 20. Nxe7 Kxe7 21. Bh4
c5 22. Bxf6+ Nxf6 23. Qe5+ 1-0